00527nam a2200205Ia 4500008004100000020001800041050001500059050001400074100002700088245001700115245003700132260001500169260002900184260000900213300001600222300002600238300001100264500002000275650002600295160819s9999 xx 000 0 und d a1-4018-3711-5 aCUL TP 548 b.H46 2007 aHenderson, J. Patrick. aAbout wine / cJ. Patrick Hendrick, Dellie Rex. aNew York : bThomson Delmar Learning, c2007 a562 pages : bcolor illustrations ; c28 cm. aIncludes index. aWine and wine making.